Регионална библиотека "Любен Каравелов" - Русе

[Ай кю] IQ тестове (Запис номер 109866)

MARC детайли
000 -Лидер
Контролно поле с фиксирана дължина 01927nam a2200421 c 4500
003 - Код на организацията, давaща контролен номер
Контролно поле BLK
005 - Дата и час на последна редакция
Контролно поле 20250621154949.0
008 - Елементи от данни с фиксирана дължина
fixed length control field 180409b bul|||||r ||||||| ||bul||
010 ## - Наследен системен номер
LC control number KNG00115187000
020 ## - Международен стандартен номер на книга ISBN
Международен стандартен номер на книга ISBN 954-607-643-0
-- издат.: ЛИК
040 ## - Източник на каталожния запис
Идентификатор на билиотеката - собственик на записа BLK
041 ## - Код за език
Код за езика на текст/звукозапис или на отделно заглавие Български
Код за езика КДБФ Български
080 ## - УДК
Текстов определител УДК Тест. Изследване. Психологически експеримент. Измервания.
УДК код - определител по УДК 159.9.072
УДК определител
УДК - код + определител 159.9.072
080 ## - УДК
Текстов определител УДК Психотехника. Приложна психология. Психотестове. Консултативна психология
УДК код - определител по УДК 159.98
УДК определител
УДК - код + определител 159.98
100 1# - Редна дума - Автор
Автор Ръсел, Кен
Авторска отговорност първи автор
R(LIN) 261066
139 ## - Редно поле
Редна дума Ръсел, Кен и др.
Авторски знак Ръс - Р 98
245 10 - Сведения за заглавието
Заглавие [Ай кю] IQ тестове
Подзаглавни данни 400 начина за оценка силата на ума
Редно поле (дума) Кен Ръсел; съавт. Филип Картър; прев. от англ. Албена Василева; ред. Росица Алексиева.
257 ## - Страна на издаване
Страна на създаване/издаване Великобритания
260 ## - Област на издателските данни
-- София
Име на издателя, разпространителя и проч. ЛИК
Година на издаване 2004
300 ## - Физическа характеристика
Страници 172 с.
Размери/Мащаб 20 см
380 ## - Жанр
Жанр Философия
490 1# - СЕРИИ (Колекции)
Име на серия Светът на интелекта
500 ## - Общи забележки
Забележка Ориг. загл. IQ Testing : 400 Ways To Evaluate Your Brainpower / Ken Russell and Philip Carter.
650 #4 - Допълнително описание по предмет – тема
Основно описание – тема или топоним Тестове - за интелигентност
9 (RLIN) 258218
650 #4 - Допълнително описание по предмет – тема
Основно описание – тема или топоним Психотехника
9 (RLIN) 168425
653 ## - Ключова дума – ненормативна
Ключова дума тестове
653 ## - Ключова дума – ненормативна
Ключова дума интелигентност
653 ## - Ключова дума – ненормативна
Ключова дума психотехника
700 1# - Други автори (авторска отговорност)
Лично име Картър, Филип
Автороска отговорност (Описва отношението между автора и произведението) съавт.
9 (RLIN) 373923
700 1# - Други автори (авторска отговорност)
Лично име Василева, Албена
Автороска отговорност (Описва отношението между автора и произведението) прев. от англ.
9 (RLIN) 370593
700 1# - Други автори (авторска отговорност)
Лично име Алексиева, Росица
Автороска отговорност (Описва отношението между автора и произведението) ред.
9 (RLIN) 366566
852 ## - Местоположение
Форматна сигнатура Цб 220970
856 4# - Електронен адрес и достъп
Електронен формат pdf - файл
Път до файла /url/
856 4# - Електронен адрес и достъп
Електронен формат pdf - файл
Път до файла /url/
942 ## - АРТИКУЛИ
Вид на библиотечния материал Книги
Скрит в OPAC Не
Koha issues (borrowed), all copies 18
944 ## - СЪЗДАВАНЕ И РЕДАКЦИЯ на ЗАПИСА
Създаване/Редакция Създаване
Дата на регистрацията/редакция 29.09.2004
Статус, дата на статуса Кети Илиева
Служител, извършил регистрацията/редакцията 30550
944 ## - СЪЗДАВАНЕ И РЕДАКЦИЯ на ЗАПИСА
Създаване/Редакция Редакция
Дата на регистрацията/редакция 16.09.2014
Статус, дата на статуса ф /
Служител, извършил регистрацията/редакцията
999 ## - СИСТЕМНИ КОНТРОЛНИ НОМЕРА
Koha biblionumber 109866
Koha biblioitemnumber 109866
Наличности
Код за отписване Код за изгубен артикул Код за повреда Коз за рестрикции Код за отдаване Артикулен № Име на библиотеката - собственик Име на библиотеката, в която се намира в момента Статус (Текущо местоположение) Дата на вписване в системата Местоположение - отдел Цена в лева Инвентарен номер Систематично азбучна сигнатура Баркод Номер на екземпляра Цена в евро Служебна бележка Служебен тип на артикула Източник на класификационната схема
  Не е изгубен Не е повреден без рестрикции ползва се в читалня 177056 Регионална библиотека "Любен Каравелов" Русе Регионална библиотека "Любен Каравелов" Русе Читалня 2004-09-29 Читалня 5.50 120000688823 Ч 159.9/Р 98 120000688823 1 2.81 Дост: Pk Вид: Ф N: 30 Дата: 29.09.2004 Дата инв: 21.03.2017 Бележки инв: Ч2017 Книги  
  Не е изгубен Не е повреден без рестрикции ползва се в читалня 177057 Регионална библиотека "Любен Каравелов" Русе Регионална библиотека "Любен Каравелов" Русе Хранилище 2013-04-05 Основен фонд - ползва се само за читалня 5.50 120000765610 Цб 220970 120000765610 2 2.81 Дост: DA Вид: А N: 4 Дата: 05.04.2013 Книги  
  Не е изгубен Не е повреден без рестрикции заемане за дома 730267 Регионална библиотека "Любен Каравелов" Русе Регионална библиотека "Любен Каравелов" Русе Заемна - подръчен фонд 2019-07-15 Заемна - подръчен фонд 5.50   П 159.9.072/Р 98 120000834029   2.81   Книги Universal Decimal Classification
Vip Innovations Ltd, Rousse, Bulgaria 2025